Sostener la palabra: antología de poesía costarricense contemporánea /

Պահպանված է:
Մատենագիտական մանրամասներ
Այլ հեղինակներ: Corrales Arias, Adriano, 1958- (compilador)
Ձևաչափ: Անհայտ
Լեզու:Spanish
Հրապարակվել է: San José, Costa Rica: Arboleda, 2007
Խորագրեր:
Ցուցիչներ: Ավելացրեք ցուցիչ
Չկան պիտակներ, Եղեք առաջինը, ով նշում է այս գրառումը!

MARC

LEADER 000000000a22000000004500
001 001013
008 170621s2007 cr ||||| |||| 00| p spa d
020 |a 9789968963671 
041 0 |a español 
082 |a CR861.06  |b S716s 
245 1 0 |a Sostener la palabra:   |b antología de poesía costarricense contemporánea /  |c Adriano Corrales Arias 
260 |a San José, Costa Rica:   |b Arboleda,   |c 2007 
300 |a 322 páginas 
650 1 4 |a LITERATURA COSTARRICENSE  |v POESÍA  |x COLECCIONES 
700 1 2 |a Corrales Arias, Adriano, 1958- ,   |e compilador 
942 |2 ddc  |c BK 
999 |c 2140  |d 2140